Building information modelling (Record no. 114455)

MARC details
000 -LEADER
fixed length control field 00856cad a22002175a 4500
001 - CONTROL NUMBER
control field L156860
008 - FIXED-LENGTH DATA ELEMENTS--GENERAL INFORMATION
fixed length control field 120723s2012 xxk f 000 0 eng d
035 ## - SYSTEM CONTROL NUMBER
System control number (Sirsi) u156860
041 0# - LANGUAGE CODE
Language code of text/sound track or separate title eng
110 2# - MAIN ENTRY--CORPORATE NAME
Corporate name or jurisdiction name as entry element IBM United Kingdom Limited
9 (RLIN) 6096
245 00 - TITLE STATEMENT
Title Building information modelling
Medium [electronic resource]
260 ## - PUBLICATION, DISTRIBUTION, ETC.
Place of publication, distribution, etc. London
Name of publisher, distributor, etc. IBM United Kingdom Limited
Date of publication, distribution, etc. 2012
520 ## - SUMMARY, ETC.
Summary, etc. This paper looks at how the construction industry can meet the UK government challege of using collaborative BIM on all public construction projects by 2016.
590 ## - LOCAL NOTE (RLIN)
Local note KA
650 24 - SUBJECT ADDED ENTRY--TOPICAL TERM
Topical term or geographic name entry element BUILDING INFORMATION MODELLING
650 24 - SUBJECT ADDED ENTRY--TOPICAL TERM
Topical term or geographic name entry element BIM
9 (RLIN) 6219
651 #4 - SUBJECT ADDED ENTRY--GEOGRAPHIC NAME
Geographic name United Kingdom
Chronological subdivision
690 ## - LOCAL SUBJECT ADDED ENTRY--TOPICAL TERM (OCLC, RLIN)
Topical term or geographic name as entry element BIM
9 (RLIN) 6219
856 40 - ELECTRONIC LOCATION AND ACCESS
Uniform Resource Identifier <a href="https://www.ibm.com/smarterplanet/global/files/building_information_modelling_ibm_pov.pdf">https://www.ibm.com/smarterplanet/global/files/building_information_modelling_ibm_pov.pdf</a>
Public note View the item free of charge at www.thenbs.com
942 ## - ADDED ENTRY ELEMENTS (KOHA)
Suppress in OPAC 0
Holdings
Withdrawn status Lost status Source of classification or shelving scheme Damaged status Not for loan Home library Current library Shelving location Date acquired Total Checkouts Full call number Barcode Date last seen Copy number Price effective from Koha item type
    Dewey Decimal Classification     Virtual Virtual Online 23/07/2012   ONLINE PUBLICATION 156860-2001 06/08/2019 1 06/08/2019 Book